[Event "American Continental 15th"]
[Site "Sao Paulo"]
[Date "2019.07.09"]
[Round "6"]
[White "Borges, Wagner da Silva"]
[Black "Soares, Paulo Henrique Dos"]
[Result "1/2-1/2"]
[WhiteElo "2114"]
[BlackElo "1922"]
[PlyCount "125"]
[EventDate "2019.07.05"]
[EventType "swiss"]
[EventRounds "11"]
[EventCountry "BRA"]
[SourceTitle "CBM 191 Extra"]
[Source "ChessBase"]
[SourceDate "2019.09.30"]
[SourceVersion "1"]
[SourceVersionDate "2019.09.30"]
[SourceQuality "1"]

1. d4 Nf6 2. Nf3 b6 3. Bf4 g6 4. e3 Bb7 5. Nbd2 Bg7 6. c3 c5 7. Be2 Nc6 8. h3 0-0 9. 0-0 d6 10. Bh2 Re8 11. a4 a6 12. Qc2 e5 13. dxe5 dxe5 14. Rfd1 Qc7 15. Nc4 Bf8 16. Qb3 Nd7 17. Rxd7 Qxd7 18. Nxb6 Na5 19. Qc2 Qc6 20. Nxa8 Bxa8 21. b3 Bg7 22. Bf1 Qb6 23. Rb1 Qf6 24. e4 Qc6 25. Re1 Nb7 26. Nd2 Nd6 27. Nc4 Nxe4 28. Rxe4 Qxe4 29. Qxe4 Bxe4 30. Nd6 Rb8 31. Nxe4 Rxb3 32. g4 c4 33. Bxc4 Ra3 34. Bxa6 Rxa4 35. Bd3 f5 36. gxf5 gxf5 37. Nd6 e4 38. Bf1 Bxc3 39. Nxf5 Kf7 40. Bf4 Kf6 41. Ng3 Be5 42. Bxe5+ Kxe5 43. Bg2 Kf4 44. Kh2 Ke5 45. Nxe4 Rxe4 46. Bxe4 Kxe4 47. Kg3 Ke5 48. Kg4 Kf6 49. Kf4 Kg6 50. Ke5 Kg5 51. h4+ Kg6 52. Ke6 Kg7 53. Kf5 Kf7 54. Kg5 Kg7 55. Kh5 Kg8 56. Kh6 Kh8 57. Kg5 Kg7 58. Kf5 Kf7 59. Ke5 Ke7 60. f4 Kf7 61. Kf5 Ke7 62. Ke5 Kf7 63. f5 1/2-1/2

[Event "American Continental 15th"]
[Site "Sao Paulo"]
[Date "2019.07.08"]
[Round "5"]
[White "Montero Martinez, Cristian"]
[Black "Borges, Wagner da Silva"]
[Result "1-0"]
[WhiteElo "1991"]
[BlackElo "2114"]
[PlyCount "73"]
[EventDate "2019.07.05"]
[EventType "swiss"]
[EventRounds "11"]
[EventCountry "BRA"]
[SourceTitle "CBM 191 Extra"]
[Source "ChessBase"]
[SourceDate "2019.09.30"]
[SourceVersion "1"]
[SourceVersionDate "2019.09.30"]
[SourceQuality "1"]

1. d4 Nf6 2. Bf4 g6 3. Nf3 Bg7 4. Nc3 0-0 5. Qd2 d5 6. Ne5 c6 7. f3 Nfd7 8. 0-0-0 Nb6 9. e4 f6 10. Ng4 g5 11. Bxb8 Rxb8 12. h4 Bxg4 13. fxg4 gxh4 14. exd5 Nxd5 15. Bc4 b5 16. Bb3 a5 17. a4 bxa4 18. Nxa4 Rxb3 19. cxb3 e5 20. Rxh4 e4 21. Rdh1 Qb8 22. Qc2 Qf4+ 23. Kb1 Nb4 24. Qc4+ Rf7 25. Nc3 e3 26. d5 Qf2 27. dxc6 e2 28. Nxe2 Nxc6 29. Nc3 Nb4 30. Rxh7 Qc2+ 31. Ka1 Nd3 32. Na4 Qe2 33. Qc8+ Rf8 34. Qe6+ Rf7 35. g5 fxg5 36. Rxg7+ Kxg7 37. Qh6+ 1-0

[Event "American Continental 15th"]
[Site "Sao Paulo"]
[Date "2019.07.07"]
[Round "4"]
[White "Borges, Wagner da Silva"]
[Black "Matsuura, Everaldo"]
[Result "0-1"]
[WhiteElo "2114"]
[BlackElo "2459"]
[PlyCount "56"]
[EventDate "2019.07.05"]
[EventType "swiss"]
[EventRounds "11"]
[EventCountry "BRA"]
[SourceTitle "CBM 191 Extra"]
[Source "ChessBase"]
[SourceDate "2019.09.30"]
[SourceVersion "1"]
[SourceVersionDate "2019.09.30"]
[SourceQuality "1"]

1. e4 c5 2. Nf3 Nc6 3. d4 cxd4 4. Nxd4 Nf6 5. Nc3 e5 6. Ndb5 d6 7. Bg5 a6 8. Na3 b5 9. Nd5 Be7 10. Bxf6 Bxf6 11. c3 Bg5 12. Nc2 0-0 13. a4 bxa4 14. Rxa4 a5 15. Bd3 Rb8 16. b4 axb4 17. cxb4 Be6 18. b5 Na5 19. 0-0 f5 20. Ncb4 Bd7 21. Qa1 fxe4 22. Na6 Rc8 23. Bxe4 Bxb5 24. Rxa5 Bxf1 25. Nac7 Bc4 26. f4 Rxc7 27. Nxc7 Qxc7 28. Ra8 Bd8 0-1

[Event "Florianopolis op 5th"]
[Site "Florianopolis"]
[Date "2019.01.22"]
[Round "3"]
[White "Araujo, Everson de Moura"]
[Black "Borges, Wagner da Silva"]
[Result "1/2-1/2"]
[WhiteElo "1884"]
[BlackElo "2156"]
[PlyCount "85"]
[EventDate "2019.01.21"]
[EventType "swiss"]
[EventRounds "10"]
[EventCountry "BRA"]
[SourceTitle "CBM 188 Extra"]
[Source "ChessBase"]
[SourceDate "2019.02.26"]
[SourceVersion "1"]
[SourceVersionDate "2019.02.26"]
[SourceQuality "1"]

1. c4 Nf6 2. g3 d5 3. cxd5 Nxd5 4. Bg2 g6 5. Nc3 Nxc3 6. bxc3 c5 7. Nf3 Nc6 8. d3 Bg7 9. Bd2 0-0 10. 0-0 Qc7 11. Qc2 Rd8 12. Rfd1 Bf5 13. e4 Bg4 14. h3 Bxf3 15. Bxf3 Ne5 16. Be2 Qd7 17. Be3 Qxh3 18. Bxc5 Rdc8 19. d4 Rxc5 20. dxc5 g5 21. Qd2 Bh6 22. Qe1 Rc8 23. Rd5 Qe6 24. Rad1 Kg7 25. Kg2 g4 26. c4 Rc6 27. Qc3 f6 28. Qb2 b6 29. cxb6 axb6 30. R1d4 Bg5 31. Qa3 h5 32. Rd8 Rc5 33. Rb8 Nc6 34. Rxb6 Qe5 35. Rxc6 Rxc6 36. Qd3 h4 37. gxh4 Bxh4 38. Bxg4 Ra6 39. a3 f5 40. exf5 Rxa3 41. Qxa3 Qxd4 42. Qf3 Qxc4 43. Bh3 1/2-1/2

[Event "Florianopolis op 5th"]
[Site "Florianopolis"]
[Date "2019.01.22"]
[Round "2"]
[White "Borges, Wagner da Silva"]
[Black "Almeida, Heidy Jose Moreira"]
[Result "1/2-1/2"]
[WhiteElo "2156"]
[BlackElo "1886"]
[PlyCount "151"]
[EventDate "2019.01.21"]
[EventType "swiss"]
[EventRounds "10"]
[EventCountry "BRA"]
[SourceTitle "CBM 188 Extra"]
[Source "ChessBase"]
[SourceDate "2019.02.26"]
[SourceVersion "1"]
[SourceVersionDate "2019.02.26"]
[SourceQuality "1"]

1. d4 Nf6 2. Nf3 g6 3. g3 d5 4. Bg2 Bg7 5. 0-0 0-0 6. c4 c6 7. b3 dxc4 8. bxc4 c5 9. e3 cxd4 10. exd4 Nc6 11. Bb2 Qb6 12. Qb3 Nd7 13. Nbd2 Nxd4 14. Nxd4 Bxd4 15. Bxd4 Qxd4 16. Nf3 Qf6 17. Rad1 Nc5 18. Qe3 b6 19. Ne5 Rb8 20. Nc6 Rb7 21. Nb4 e6 22. Bxb7 Bxb7 23. f3 Rc8 24. Rd2 a5 25. Nc2 Ba6 26. Na3 Na4 27. Rc1 Qf5 28. Kg2 Qc5 29. Qb3 b5 30. Rcd1 b4 31. Qxa4 bxa3 32. Rd8+ Rxd8 33. Rxd8+ Kg7 34. Rd3 Bxc4 35. Qxa3 Qb5 36. Qc3+ e5 37. Rd2 Bf1+ 38. Kg1 Bh3 39. Qc1 Qb6+ 40. Kh1 Qe3 41. Qd1 e4 42. Qe2 Qc5 43. fxe4 h5 44. Qd3 Kh7 45. Qd4 Qc1+ 46. Rd1 Qc2 47. Qd2 Qxe4+ 48. Kg1 Qe5 49. Qf2 Be6 50. Re1 Qd5 51. a3 a4 52. Re3 Qd1+ 53. Qe1 Qd4 54. Qc3 Qd1+ 55. Re1 Qd7 56. Qf6 Qa7+ 57. Qf2 Qd7 58. Qf4 Kg7 59. Qe5+ Kh7 60. Qc5 Bh3 61. Qf2 Be6 62. Rc1 Qb7 63. h4 Qe7 64. Qe3 Qd6 65. Kh2 Qd5 66. Rf1 Qc4 67. Rf4 Qc2+ 68. Qf2 Qb3 69. Rf3 Qd5 70. Rc3 Qd6 71. Qf4 Qd1 72. Rc7 Qe2+ 73. Kg1 Qe1+ 74. Kh2 Qe2+ 75. Kg1 Qe1+ 76. Kh2 1/2-1/2

[Event "Maranhao LMX op final 28th"]
[Site "Santa Luzia"]
[Date "2018.11.18"]
[Round "9"]
[White "Lobo, Pedro Aluizio de Ab"]
[Black "Borges, Wagner da Silva"]
[Result "0-1"]
[WhiteElo "1555"]
[BlackElo "2166"]
[PlyCount "29"]
[EventDate "2018.11.14"]
[EventType "tourn"]
[EventRounds "9"]
[EventCountry "BRA"]
[SourceTitle "EXT 2022"]
[Source "ChessBase"]
[SourceDate "2021.10.06"]
[SourceVersion "1"]
[SourceVersionDate "2021.10.06"]
[SourceQuality "1"]

1. e4 c5 2. Nc3 Nc6 3. g3 g6 4. d3 Bg7 5. Bd2 e6 6. Bg2 Nf6 7. Nge2 0-0 8. 0-0 d5 9. Qc1 Nd4 10. f4 Rb8 11. Rb1 b5 12. a3 a5 13. h3 b4 14. axb4 axb4 15. Nxd4 0-1

[Event "Maranhao LMX op final 28th"]
[Site "Santa Luzia"]
[Date "2018.11.15"]
[Round "3"]
[White "Borges, Wagner da Silva"]
[Black "Silva Filho, Dombosco Lima"]
[Result "1-0"]
[WhiteElo "2166"]
[BlackElo "1571"]
[PlyCount "59"]
[EventDate "2018.11.14"]
[EventType "tourn"]
[EventRounds "9"]
[EventCountry "BRA"]
[SourceTitle "EXT 2022"]
[Source "ChessBase"]
[SourceDate "2021.10.06"]
[SourceVersion "1"]
[SourceVersionDate "2021.10.06"]
[SourceQuality "1"]

1. d4 Nf6 2. c4 e6 3. Nf3 d5 4. Nc3 Be7 5. Bf4 a6 6. e3 Nbd7 7. h3 b6 8. Bd3 Bb7 9. 0-0 0-0 10. Rc1 Rc8 11. Qe2 c5 12. Rfd1 cxd4 13. exd4 dxc4 14. Bxc4 b5 15. Bd3 Re8 16. a3 Nb6 17. Bb1 Nc4 18. Ne5 Nb6 19. Ba2 Nbd5 20. Nxd5 Nxd5 21. Bg3 Nf6 22. Nxf7 Qb6 23. Ng5 Rxc1 24. Rxc1 Bd5 25. Bxd5 exd5 26. Qd3 h6 27. Nf3 Ne4 28. Be5 Bf6 29. Rc2 b4 30. Qb3 1-0

[Event "Maranhao op 24th"]
[Site "Santa Luzia"]
[Date "2018.03.24"]
[Round "2"]
[White "Borges, Wagner da Silva"]
[Black "Silva, Valdecir Batista"]
[Result "1-0"]
[WhiteElo "2142"]
[BlackElo "1953"]
[PlyCount "95"]
[EventDate "2018.03.23"]
[EventType "swiss"]
[EventRounds "5"]
[EventCountry "BRA"]
[SourceTitle "EXT 2019"]
[Source "ChessBase"]
[SourceDate "2018.10.10"]
[SourceVersion "1"]
[SourceVersionDate "2018.10.10"]
[SourceQuality "1"]

1. d4 d5 2. Nf3 Bf5 3. Bf4 e6 4. e3 Bd6 5. Bg3 Nf6 6. Nbd2 0-0 7. Be2 Nc6 8. Nh4 Bg6 9. Nxg6 fxg6 10. f4 a6 11. c3 b5 12. a3 Na5 13. b3 Qe7 14. 0-0 Nb7 15. a4 c6 16. Bh4 Qd7 17. Bd3 c5 18. Nf3 Ng4 19. Qe2 c4 20. bxc4 bxc4 21. Bc2 Na5 22. Nd2 Nh6 23. g4 Rab8 24. Rab1 Be7 25. Bg3 Bd6 26. h3 Qc7 27. Nf3 Nf7 28. g5 Rb7 29. Rxb7 Qxb7 30. Rb1 Nb3 31. Nd2 Nxg5 32. Qg4 Nf7 33. Qxe6 Qc6 34. Nxb3 cxb3 35. Bxb3 Rb8 36. Be1 Re8 37. Qxd5 Qxd5 38. Bxd5 Rxe3 39. Kf2 Re7 40. Kf3 h6 41. Bh4 Rc7 42. c4 Kh7 43. Rb7 g5 44. Rxc7 Bxc7 45. Bg3 Nd8 46. fxg5 Bxg3 47. Kxg3 hxg5 48. c5 1-0

[Event "Santa Ines Maranhese op 22nd"]
[Site "Santa Ines"]
[Date "2017.10.22"]
[Round "5"]
[White "Guimaraes, Marcelo Cunha"]
[Black "Borges, Wagner da Silva"]
[Result "1/2-1/2"]
[WhiteElo "2177"]
[BlackElo "2146"]
[PlyCount "45"]
[EventDate "2017.10.20"]
[EventType "swiss"]
[EventRounds "5"]
[EventCountry "BRA"]
[SourceTitle "CBM 181 Extra"]
[Source "ChessBase"]
[SourceDate "2017.12.12"]
[SourceVersion "1"]
[SourceVersionDate "2017.12.12"]
[SourceQuality "1"]

1. e4 c5 2. Nf3 Nc6 3. d4 cxd4 4. Nxd4 Nf6 5. Nc3 Qb6 6. Nb3 e6 7. Be3 Qc7 8. Bd3 Bb4 9. 0-0 0-0 10. f4 d5 11. e5 Nd7 12. Nb5 Qd8 13. c3 Be7 14. Qf3 f5 15. exf6 Rxf6 16. Qe2 e5 17. fxe5 Ndxe5 18. Rxf6 Bxf6 19. N5d4 Nxd3 20. Nxc6 bxc6 21. Qxd3 Bd7 22. Re1 Be8 23. Bd4 1/2-1/2

[Event "Caxias LMX Maranhense 10th"]
[Site "Caxias do Sul"]
[Date "2016.07.29"]
[Round "1.1"]
[White "Lopes Silva, Jhonathan Pessoa"]
[Black "Borges, Wagner da Silva"]
[Result "0-1"]
[WhiteElo "1737"]
[BlackElo "2145"]
[PlyCount "85"]
[EventDate "2016.07.29"]
[EventType "swiss"]
[EventRounds "5"]
[EventCountry "BRA"]
[SourceTitle "EXT 2022"]
[Source "ChessBase"]
[SourceDate "2021.10.06"]
[SourceVersion "1"]
[SourceVersionDate "2021.10.06"]
[SourceQuality "1"]

1. d4 Nf6 2. c4 g6 3. Nc3 d5 4. Bg5 Ne4 5. Bh4 Nxc3 6. bxc3 dxc4 7. e3 Qd5 8. Qa4+ b5 9. Qa5 c6 10. Nf3 Bb7 11. Be2 f6 12. Rg1 Qd8 13. Qxd8+ Kxd8 14. Kd2 Nd7 15. Rgb1 Kc8 16. a4 a6 17. Ne1 h5 18. h3 Bh6 19. Bg3 Rd8 20. Kc1 e5 21. f4 exd4 22. cxd4 Nb6 23. axb5 axb5 24. Bf3 Na4 25. Nc2 Bf8 26. Be1 Kd7 27. Na3 Nc3 28. Bxc3 Rxa3 29. Rxa3 Bxa3+ 30. Bb2 Ra8 31. Kc2 Bxb2 32. Rxb2 Ra4 33. Rxb5 cxb5 34. Bxb7 Ra2+ 35. Kc3 Ra3+ 36. Kd2 Kd6 37. e4 Rd3+ 38. Kc2 Rxd4 39. Kc3 Kc5 40. g4 hxg4 41. hxg4 b4+ 42. Kc2 b3+ 43. Kc1 0-1

[Event "Santa Luzia LMX Maranhense 8th"]
[Site "Santa Luzia"]
[Date "2016.05.01"]
[Round "5.2"]
[White "Silva, Valdecir Batista"]
[Black "Borges, Wagner da Silva"]
[Result "1/2-1/2"]
[WhiteElo "1787"]
[BlackElo "2140"]
[PlyCount "98"]
[EventDate "2016.04.29"]
[EventType "swiss"]
[EventRounds "5"]
[EventCountry "BRA"]
[SourceTitle "EXT 2022"]
[Source "ChessBase"]
[SourceDate "2021.10.06"]
[SourceVersion "1"]
[SourceVersionDate "2021.10.06"]
[SourceQuality "1"]

1. e4 e6 2. Nf3 d5 3. exd5 exd5 4. d4 Nc6 5. Bb5 Bd6 6. Nc3 Nge7 7. Be3 f6 8. Qd2 Bg4 9. Be2 a6 10. h3 Be6 11. a3 Qd7 12. b4 g5 13. g4 Ng6 14. Bd3 Nf4 15. Bf1 Ne7 16. Ne2 Nxe2 17. Bxe2 Ng6 18. Bd3 Nf4 19. 0-0-0 a5 20. Kb2 axb4 21. axb4 Nxd3+ 22. cxd3 Ra4 23. Ra1 0-0 24. Rxa4 Qxa4 25. Ra1 Qxb4+ 26. Qxb4 Bxb4 27. Ra7 Rb8 28. Kb3 Bd6 29. Ne1 c5 30. Kc3 c4 31. dxc4 dxc4 32. Nc2 b5 33. Nb4 Bf7 34. Ra6 Be7 35. Ra7 Bf8 36. Ra6 Kg7 37. d5 Rd8 38. Bd4 Bxb4+ 39. Kxb4 Rxd5 40. Bxf6+ Kf8 41. Ra8+ Be8 42. Rd8 Rxd8 43. Bxd8 h6 44. h4 gxh4 45. Bxh4 Kf7 46. f4 Ke6 47. Be1 Kd5 48. Bd2 Bd7 49. f5 Bxf5 1/2-1/2

[Event "Santa Luzia LMX Maranhense 8th"]
[Site "Santa Luzia"]
[Date "2016.04.30"]
[Round "3.2"]
[White "Abreu, Nilton Silva"]
[Black "Borges, Wagner da Silva"]
[Result "0-1"]
[WhiteElo "1970"]
[BlackElo "2140"]
[PlyCount "82"]
[EventDate "2016.04.29"]
[EventType "swiss"]
[EventRounds "5"]
[EventCountry "BRA"]
[SourceTitle "EXT 2022"]
[Source "ChessBase"]
[SourceDate "2021.10.06"]
[SourceVersion "1"]
[SourceVersionDate "2021.10.06"]
[SourceQuality "1"]

1. e4 e6 2. d4 d5 3. Nd2 c5 4. Ngf3 Nc6 5. exd5 exd5 6. dxc5 Bxc5 7. Bd3 Nf6 8. 0-0 0-0 9. Nb3 Bb6 10. c3 Bg4 11. Bg5 Qd6 12. Bh4 Rfe8 13. Bg3 Qd7 14. Be2 Ne4 15. Nfd4 Bxe2 16. Nxe2 Nxg3 17. Nxg3 Rad8 18. Qf3 Ne5 19. Qd1 Nc4 20. Qc2 Qg4 21. Rad1 h5 22. Nd4 h4 23. h3 Qg6 24. Ngf5 Bxd4 25. cxd4 Nd6 26. Ne3 Ne4 27. Qb3 Qg5 28. Rfe1 Rd6 29. Qd3 Nxf2 30. Kxf2 Qg3+ 31. Kg1 Rde6 32. Qf5 Rxe3 33. Rf1 Qg6 34. Qxd5 Rxh3 35. Qxb7 Rg3 36. Rf2 h3 37. Rdf1 Re4 38. Qc8+ Kh7 39. Qc7 hxg2 40. Rd1 f5 41. Qc8 Rh4 0-1

[Event "Santa Luzia LMX Maranhense 8th"]
[Site "Santa Luzia"]
[Date "2016.04.30"]
[Round "2.2"]
[White "Borges, Wagner da Silva"]
[Black "Cardoso Da Silva, Roberto"]
[Result "1-0"]
[WhiteElo "2140"]
[BlackElo "1819"]
[PlyCount "107"]
[EventDate "2016.04.29"]
[EventType "swiss"]
[EventRounds "5"]
[EventCountry "BRA"]
[SourceTitle "EXT 2022"]
[Source "ChessBase"]
[SourceDate "2021.10.06"]
[SourceVersion "1"]
[SourceVersionDate "2021.10.06"]
[SourceQuality "1"]

1. e4 e6 2. d4 b6 3. Be3 Bb7 4. f3 g6 5. Qd2 Bg7 6. Nc3 d6 7. Nh3 Nd7 8. Be2 Qh4+ 9. Nf2 Bh6 10. f4 a6 11. g3 Qd8 12. d5 e5 13. 0-0 exf4 14. Bxf4 Bxf4 15. Qxf4 Qf6 16. Qd2 Qg7 17. a4 Ne7 18. Rae1 0-0 19. Bf3 f5 20. Bg2 Ne5 21. Nd3 Nc4 22. Qe2 Nxb2 23. e5 Nxd3 24. Qxd3 dxe5 25. d6 Bxg2 26. dxe7 Qxe7 27. Kxg2 Rfd8 28. Qc4+ Kg7 29. Nd5 Qe6 30. Qxc7+ Rd7 31. Qxe5+ Qxe5 32. Rxe5 b5 33. axb5 axb5 34. Rf2 Rad8 35. Nf4 Rb8 36. Rfe2 b4 37. Ne6+ Kf7 38. Nc5 Ra7 39. Nb3 Rc7 40. Rc5 Rxc5 41. Nxc5 Rb5 42. Nb3 h6 43. Rd2 Re5 44. Kf3 g5 45. Rd4 Rb5 46. Ke3 Kf6 47. Rd6+ Kg7 48. Kd4 Rb8 49. Ke5 Rc8 50. Nd4 f4 51. gxf4 gxf4 52. Kxf4 Rc4 53. Ke5 h5 54. Rc6 1-0

[Event "Santa Luzia LMX Maranhense 7th"]
[Site "Santa Luzia"]
[Date "2016.03.27"]
[Round "5.1"]
[White "Borges, Wagner da Silva"]
[Black "Luz Silva, Claudio Luis Olivei"]
[Result "1-0"]
[WhiteElo "2113"]
[BlackElo "1820"]
[PlyCount "75"]
[EventDate "2016.03.25"]
[EventType "swiss"]
[EventRounds "5"]
[EventCountry "BRA"]
[SourceTitle "EXT 2022"]
[Source "ChessBase"]
[SourceDate "2021.10.06"]
[SourceVersion "1"]
[SourceVersionDate "2021.10.06"]
[SourceQuality "1"]

1. d4 Nf6 2. c4 g6 3. Nc3 Bg7 4. e4 d6 5. Be2 0-0 6. h4 h5 7. Bg5 Nbd7 8. g4 hxg4 9. Bxg4 Nxg4 10. Qxg4 Nb6 11. Qd1 Nxc4 12. h5 c5 13. Nd5 f6 14. Bc1 e6 15. hxg6 exd5 16. Qh5 Re8 17. Qh7+ Kf8 18. Bh6 Rxe4+ 19. Kf1 Be6 20. Qxg7+ Ke8 21. Bc1 Qe7 22. Rh8+ Kd7 23. Qxe7+ Kxe7 24. Rxa8 cxd4 25. f3 Re5 26. g7 d3 27. g8Q Bxg8 28. Rxg8 d2 29. Bxd2 Nxd2+ 30. Kf2 Kf7 31. Rb8 Re7 32. b3 Rc7 33. Rd1 Rc2 34. Rxb7+ Kg6 35. Ke3 d4+ 36. Kd3 Rxa2 37. Rxd2 Ra1 38. Ne2 1-0

[Event "Santa Luzia LMX Maranhense 7th"]
[Site "Santa Luzia"]
[Date "2016.03.26"]
[Round "2.2"]
[White "Abreu, Nilton Silva"]
[Black "Borges, Wagner da Silva"]
[Result "0-1"]
[WhiteElo "2006"]
[BlackElo "2113"]
[PlyCount "42"]
[EventDate "2016.03.25"]
[EventType "swiss"]
[EventRounds "5"]
[EventCountry "BRA"]
[SourceTitle "EXT 2022"]
[Source "ChessBase"]
[SourceDate "2021.10.06"]
[SourceVersion "1"]
[SourceVersionDate "2021.10.06"]
[SourceQuality "1"]

1. e4 e6 2. d4 d5 3. Nd2 c5 4. exd5 exd5 5. Bb5+ Nc6 6. Qe2+ Be6 7. dxc5 Bxc5 8. Nb3 Bb6 9. Nf3 Nge7 10. Nfd4 Bd7 11. Bxc6 bxc6 12. Bg5 h6 13. Bh4 c5 14. Nb5 Be6 15. Bg3 Nf5 16. Bf4 0-0 17. 0-0 c4 18. Nd2 a6 19. Nc3 Nd4 20. Qe1 Bf5 21. Rc1 Nb5 0-1